00532nam a2200133 a 450000100100000000500170001000800410002704000250006808200160009311000760010924501300018526000620031530000210037700001362120200929163305.0091126s2002 dr r 001 0 spa d aDO-SdBNPbspacBNPHU axxxxbR426r1 aRepública DominicanabSecretaría de Estado de Relaciones Exteriores10aRecopilación de textos legales relacionados con la separación territorial domínico-haitiana llevada al terreno en 1929. aSanto Domingo :bEscuela Diplomática y Consular,c2002. a110 p. ;c21 cm.